Undertaker's Wrestlemania Streak Quiz - Statistics

General Stats
  • This quiz has been taken 17,186 times
    11,525 since last reset
  • The average score is 13 of 19
Answer Stats
Years Opponent % Correct
2009, 2010 Shawn Michaels
97%
2001, 2011, 2012 Triple H
96%
2004 Kane
89%
1998 Kane
89%
2013 CM Punk
83%
2008 Edge
82%
2005 Randy Orton
79%
2007 Batista
78%
2003 Big Show
66%
2002 Ric Flair
66%
1993 Giant González
63%
2006 Mark Henry
61%
1997 Sycho Sid
52%
1991 Jimmy Snuka
51%
1996 Diesel
49%
2003 A-Train
46%
1999 Big Boss Man
44%
1992 Jake Roberts
44%
1995 King Kong Bundy
42%
No matching quizzes found
Score Distribution
Percent of People with Each Score
Percentile by Number Answered
Your Score History
You have not taken this quiz since the last reset